000 02225nam a22003017a 4500
999 _c21790
_d21790
003 AR-CdUCM
008 190425b ||||| |||| 00| 0 spa d
040 _aMUNICIPALIDAD PROVINCIAL DEL CUSCO
_cBIBLIOTECA MUNICIPAL DEL CUSCO
082 _aRev.IAAC/N°5/1947
110 _aInstituto Americano de Arte del Cuzco
_943770
245 _aRevista del Instituto Americano de Arte /
260 _aCusco :
_bTalleres gráficos La Económica,
_c1947.
300 _a112 páginas. :
_bilustraciones ;
_c24 cm.
440 _aRevista del Instituto Americano de Arte Cuzco.
_nAño V, [?] semestre de 1947, N°5. Vol.II
_946120
505 _aContenido: Mensaje a mis consocios del IAAC con motivo de cumplirse el X Aniversario de su fundación. Uriel García. -- José Gabriel Túpac Amaru. Jorge Cornejo Bouroncle. -- La planta de Machupicchu y el esbozo de la ciudad ideal. Víctor M. Guillen. -- Caracterización Mariateguista del estado de los incas a la luz del marxismo. Vicente Mendoza Díaz. -- Música danzas y cantos del Cuzco. Martín Paúcar. -- Folklore peruano las adivinanzas quechuas. Víctor Navarro del Águila. -- Alfabeto oficial del idioma Quechua. R.L. -- Isabel Chimpu Ocllo. Poema. Aurelio Martínez. -- La Katita. Roberto La Torre. -- Yermo. Oscar Cano Torres. -- Estepa en llamas. Eustaquio Kkallata. -- El cóndor indio. Luis Felipe Paredes. -- Máximo Gorky. Román Saavedra. -- La pintura en los templos del Cuzco. -- Mariano fuentes Lira. -- Triunfo de un maestro arequipeño. -- ¿Qué quiero? poema. Haydeé de Benavides. -- X Aniversario del IAAC. -- Actividades del Instituto. Los concursos provocados por el IAAC. -- Reseña de la labor del Instituto. -- Personal del IAAC. -- Bibliografía, libros revistas recibidos en la biblioteca del IAAC.
650 _aTradiciones cusqueñas
_931110
650 _aFiestas populares
_934730
650 _aFolcklore
_946108
650 _aLiteratura cusqueña
_946110
650 _aPoetas cusqueños
_95956
650 _aTúpac Amaru
_9623
650 _aArte cusqueño
_913165
700 _aGutiérrez Loayza, Julio
_946116
700 _aNavarro del Águila, Víctor
_932360
700 _aCornejo Bouroncle, Jorge
_915278
942 _2ddc
_cPP
945 _arac